| 000 | nam a22 a 4500 | ||
|---|---|---|---|
| 999 |
_c1222 _d1222 |
||
| 003 | AKMAL | ||
| 005 | 20170508160645.0 | ||
| 008 | 170508s2006 my | e | l000 0 may d | ||
| 020 |
_a9833247466 (kkt.) : _cRM22.00 |
||
| 039 | 9 |
_a200704041747 _bsuzilawati _c200704041747 _dsuzilawati _c200703301621 _dazril _c200702211618 |
|
| 040 |
_aAKMAL _cAKMAL |
||
| 049 | _amal | ||
| 082 | 0 | 4 |
_a297.5 ZUH _222 |
| 090 | 0 | 0 |
_a297.5 _bZUH |
| 100 | 0 |
_aMuhammad Aiman Zuhairi _92447 |
|
| 245 | 1 | 0 |
_aPeristiwa, keutamaan & amalan hari & bulan menurut al-Quran dan Sunnah / _cMuhammad Aiman Az Zuhairi |
| 246 | 3 | _aPeristiwa, keutamaan dan amalan hari dan bulan menurut al-Quran dan Sunnah | |
| 260 |
_aKuala Lumpur : _bPenerbitan Seribu Dinar, _c2006 |
||
| 300 |
_av, 432ms. ; _c22cm. |
||
| 500 | _aMengandungi ayat-ayat dari Quran | ||
| 650 | 1 | 0 |
_aCalendar, Islamic _9153 |
| 650 | 2 | 0 |
_aIslam _xCustoms and practices _91330 |
| 650 | 2 | 0 |
_aProphets in the Qur'an _9757 |
| 942 |
_2ddc _cBOOK |
||